| Tag |
First Indicator |
Second Indicator |
Subfields |
| LEADER |
00000cam a2200000 4500 |
| 001 |
in00000024122 |
| 005 |
20151007061027.0 |
| 008 |
770711s1942 caua b 00000 engmc |
| 010 |
|
|
|a a 42003044
|
| 035 |
|
|
|a (OCoLC)03105453
|
| 035 |
|
|
|9 AAD0871AM
|
| 040 |
|
|
|a Calif. U. Lib.
|c VTU
|d VTU
|d TXA
|d UtOrBLW
|
| 049 |
|
|
|a TXAM
|c [126252]
|
| 050 |
|
0 |
|a QL1
|b .C15 vol.46, no.2
|
| 100 |
1 |
|
|a Adams, Lowell,
|d 1913-
|
| 245 |
1 |
4 |
|a The natural history and classification of the Mount Lyell salamander, Hydromantes platycephalus.
|
| 264 |
|
1 |
|a Berkeley :
|b University of California press,
|c 1942.
|
| 300 |
|
|
|a 179-203 pages :
|b illustrations ;
|c 26 cm.
|
| 336 |
|
|
|a text
|b txt
|2 rdacontent
|
| 337 |
|
|
|a unmediated
|b n
|2 rdamedia
|
| 338 |
|
|
|a volume
|b nc
|2 rdacarrier
|
| 490 |
1 |
|
|a University of California publications in zoology, v.46, no.2
|
| 500 |
|
|
|a "Contribution from the Museum of vertebrate zoology of the University of California."
|
| 504 |
|
|
|a "Literature cited": pages 196-197.
|
| 650 |
|
0 |
|a Salamanders.
|
| 830 |
|
0 |
|a University of California publications in zoology ;
|v v. 46, no. 2.
|
| 999 |
|
|
|a MARS
|
| 999 |
f |
f |
|s 79ea6954-0689-379e-9c63-6e4d52ea3cc4
|i 4b55934f-133f-308d-b18c-d35d4f43140f
|t 0
|
| 952 |
f |
f |
|p normal
|a Texas A&M University
|b College Station
|c Sterling C. Evans Library
|d Evans: Library Stacks
|t 0
|e QL1 .C15 v. 46, no.1-7
|h Library of Congress classification
|i unmediated -- volume
|m A14804913252
|
| 952 |
f |
f |
|a Texas A&M University
|b College Station
|c Sterling C. Evans Library
|d Evans: Library Stacks
|t 0
|e QL1 .C15 v. 46, no.1-7
|h Library of Congress classification
|
| 998 |
f |
f |
|a QL1 .C15 v. 46, no.1-7
|t 0
|l Evans: Library Stacks
|